000 00445 a2200145 4500
020 _a 0006178731
040 _aDLC
_bDLC
082 _a813.54 SHE
100 _aSheldon, Sidney.
245 _aRage of angels
_cSheldon, Sidney
260 _aLondon:
_bHarper Collins Publishers,
_c1980.
300 _a504 p. ;
_c19 cm.
650 _a1.Women lawyers --Fiction.2.Public prosecutors --Fiction.3.New York (N.Y.) --Fiction.
942 _cBK
_k813.54 SHE
_2ddc
999 _c5246
_d5246